| 000 | 00698nam a22002297a 4500 | ||
|---|---|---|---|
| 005 | 20161101114632.0 | ||
| 008 | 150303b xxu||||| |||| 00| 0 spa d | ||
| 041 | _aEspañol | ||
| 082 | _a618.928.588 B565e | ||
| 100 |
_aBettinsoli, Abel R. _93997 |
||
| 245 | _aEstimulación temprana al alcance de los padres | ||
| 260 |
_aArgentina _bLumen _c2006 |
||
| 300 | _a127 páginas | ||
| 650 |
_aTRASTORNOS DEL DESARROLLO INFANTIL _93998 |
||
| 650 |
_aESTIMULACIÓN TEMPRANA _93771 |
||
| 650 |
_aDEFICIENCIA MENTAL _93999 |
||
| 650 |
_aAPRENDIZAJE _929734 |
||
| 650 |
_aDIAGNÓSTICO PSÍQUICO _94001 |
||
| 650 |
_aPSICOPEDAGOGOS _94002 |
||
| 650 |
_aJUEGOS RECREATIVOS _94003 |
||
| 942 | _cBK | ||
| 999 |
_c3595 _d3595 |
||